000 00580cam a22002053a 4500
001 44994
003 PGUSA
005 20140828084028.0
008 140224s2014||||xxu|||||s|||||000 | eng d
040 _aPGUSA
_beng
042 _adc
100 1 _aForde, Gertrude
245 1 2 _aA Lady's Tour in Corsica, Vol. II (of 2)
_h[electronic resource] /
_cGertrude Forde
260 _bProject Gutenberg,
_c2014
506 _aPublic domain in the USA.
516 _aElectronic text
830 0 _aProject Gutenberg
_v44994
856 4 0 _uhttp://www.gutenberg.org/ebooks/44994
942 _cEB
999 _c274245
_d274245